000
00310 a2200157 4500
001
181045
020
_a
040
_c
Magnum
100
_a
Murray, Roseana Kligerman
240
1
0
_a
O circo
_l
por
245
1
0
_a
O circo
362
0
_a
1899
440
1
_a
Miguilim
697
_a
MAGNITO: I/GERAL
942
_c
BK
999
_c
181045
_d
181045